New English learning: Trình độ Anh văn A, B, C [Đĩa CD-ROM] /
Wedi'i Gadw mewn:
| Fformat: | CD |
|---|---|
| Cyhoeddwyd: |
Tp. HCM :
Công ty TNHH phần mềm tin học Anh Ngọc,
2006
|
| Tagiau: |
Ychwanegu Tag
Dim Tagiau, Byddwch y cyntaf i dagio'r cofnod hwn!
|
| Thư viện lưu trữ: | Thư viện Trường Đại học Đà Lạt |
|---|
| LEADER | 00610nam a2200229 4500 | ||
|---|---|---|---|
| 001 | DLU060055207 | ||
| 005 | ##20060924 | ||
| 040 | # | # | |a DLU |b vie |
| 082 | # | # | |a 428 |b New |
| 245 | # | # | |a New English learning: |b Trình độ Anh văn A, B, C [Đĩa CD-ROM] / |c Tin học NC |
| 256 | # | # | |a 4 3/4 in. |
| 260 | # | # | |a Tp. HCM : |b Công ty TNHH phần mềm tin học Anh Ngọc, |c 2006 |
| 300 | # | # | |a 1 đĩa CD-ROM 4 3/4 in. |
| 992 | # | # | |a 65000 |
| 994 | # | # | |a DLU |
| 900 | # | # | |a True |
| 911 | # | # | |a Nguyễn Xuân Phương |
| 925 | # | # | |a CD |
| 926 | # | # | |a A |
| 927 | # | # | |a CD |
| 980 | # | # | |a Thư viện Trường Đại học Đà Lạt |